Escritos sobre historia

Uloženo v:
Podrobná bibliografie
Hlavní autor: Braudel, Fernand (Autor)
Médium: Kniha
Jazyk:španělština
Vydáno: Ciudad de México Fondo de Cultura Económica 1991
Témata:
Tagy: Přidat tag
Žádné tagy, Buďte první, kdo vytvoří štítek k tomuto záznamu!

MARC

LEADER 00000nam a2200000 a 4500
001 UCX4471
003 CL-VaPUC
008 920519e19910000MX |||||||||||||||||spa|d
082 0 4 |a 907.2  |b BRA  |2 21 
100 0 |a Braudel, Fernand  |e author  |9 320656 
245 1 0 |a Escritos sobre historia 
300 |a 265 p 
942 |c BK 
945 |d 19920519 00:00:00 
260 |a Ciudad de México  |b Fondo de Cultura Económica  |c 1991 
650 0 |a Historiografía   |9 257871 
583 |a last modification  |c 19920519 00:00:00  |k Rodrigo Vera 
999 |c 224918  |d 224916 
952 |0 0  |1 0  |4 0  |6 907_200000000000000_BRA_1991  |7 0  |8 A  |9 222002  |a BIBHIS  |b BIBHIS  |d 2019-11-15  |i 2908468  |l 2  |m 2  |o 907.2 BRA 1991  |p 2908468  |q 2030-12-20  |r 2020-10-06  |s 2020-10-06  |w 2019-11-15  |y BK  |k HIS 
952 |0 0  |1 0  |4 0  |6 907_200000000000000_BRA_1991  |7 0  |8 A  |9 222003  |a BIBHIS  |b BIBHIS  |d 2019-11-15  |i 2908476  |l 4  |o 907.2 BRA 1991  |p 2908476  |r 2025-03-27  |s 2025-03-20  |w 2019-11-15  |y BK  |k HIS